The Oxford Handbook of American Philosophy (Registro nro. 63427)
[ vista simple ]
| 000 -ENCABEZADO | |
|---|---|
| Número de control [NR] | 02619nam a2200253Ia 4500 |
| 008 - DE LONGITUD FIJA DE DATOS DE ELEMENTOS - INFORMACIÓN GENERAL | |
| Elementos de longitud fija [NR] | 130821s2008 enk grff eng |
| 020 ## - NUMERO INTERNACIONAL NORMALIZADO PARA LIBROS [R] | |
| Número Internacional Normalizado del libro [NR] | 199219311 |
| 020 ## - NUMERO INTERNACIONAL NORMALIZADO PARA LIBROS [R] | |
| Número Internacional Normalizado del libro [NR] | 9780199219315 |
| 040 ## - FUENTE DE CATALOGACION [NR] | |
| Agencia de catalogación original [NR] | Co-BoUCM |
| Idioma de catalogación [NR] | spa |
| 041 00 - CODIGO DE IDIOMA [R] | |
| Código de idioma para texto/pista de sonido o título separado [R] | Inglés |
| 245 04 - MENCION DE TITULO [NR] | |
| Título [NR] | The Oxford Handbook of American Philosophy |
| Mención de responsabilidad, etc. [NR] | editado por Cheryl Misak |
| 260 ## - PUBLICACION, DISTRIBUCION, ETC. (PIE DE IMPRENTA) [R] | |
| Lugar de publicación, distribución, etc. [R] | Oxford (Oxfordshire, Inglaterra) |
| Nombre del editor, distribuidor, etc. [R] | Oxford University Press |
| Fecha de publicación, distribución, etc. [R] | 2008 |
| 300 ## - DESCRIPCION FISICA [R] | |
| Extensión [R] | xiii, 642 páginas |
| 490 #0 - MENCION DE SERIE [R] | |
| Mención de serie [R] | Oxford Handbooks |
| 504 ## - NOTA DE BIBLIOGRAFIA, ETC. [R] | |
| Nota de bibliografía, etc. [NR] | |
| 505 ## - NOTA DE CONTENIDO CON FORMATO PREESTABLECIDO [R] | |
| Nota de contenido con formato preestablecido [NR] | Jonathan Edwards and eighteenth-century religious philosophy / Roger A. Ward. -- Emerson, Romanticism, and classical American pragmatism / Russell B. Goodman. -- Peirce and pragmatism : American connections / Douglas Anderson. -- William James / Henry Jackman. -- John Dewey : inquiry, ethics, and democracy / Matthew Festenstein. -- Josiah Royce : idealism, transcendentalism, pragmatism / Kelly A. Parker. -- George Santayana : ordinary reflection systematized / Glenn Tiller. -- A pragmatist world view : George Herbert Mead's philosophy of the act / Cornelis de Waal. -- W.E.B. Du Bois : double-consciousness, Jamesian sympathy, and the critical turn / Mitchell Aboulafia. -- The pragmatist family romance / Robert Westbrook. -- The reception of early American pragmatism / Cheryl Misak. -- Whitehead's metaphysical system / John W. Lango. -- Thorstein Veblen and American social criticism / Joseph Heath. -- Pragmatism and the Cold War / Robert Talisse. -- Pragmatism and the given : C.I. Lewis, Quine, and Peirce / Chris Hookway. -- W.V. Wuine / Arif Ahmed. -- Philosophy of science in America / Alan Richardson. -- The influence of Wittgenstein on American philosophy / Hans-Johann Glock. -- Placing in a space of norms : neo-Sellarsian philosophy in the twenty-first century / Mark Lance. -- Rorty, Davidson, and the future of metaphysics in America / Björn Ramberg. -- Analytic philosophy in America / Scott Soames. -- Logic and the foundations of mathematics / Danielle Macbeth. -- Liberal equality : what, where, and why / Kok-Chor Tan. -- Legal philosophy in America / Brian H. Bix. -- American moral philosophy / Brad Hooker. -- Essences, intersections, and American feminism / Ann Garry. |
| 650 04 - ASIENTO SECUNDARIO DE MATERIA - TERMINO TEMATICO [R] | |
| Término temático o nombre geográfico como elemento de entrada [NR] | Filosofía estadounidense |
| Subdivisión general [R] | Historia y crítica |
| Subdivisión de forma [R] | Manuales |
| 9 (RLIN) | 15813 |
| 650 04 - ASIENTO SECUNDARIO DE MATERIA - TERMINO TEMATICO [R] | |
| Término temático o nombre geográfico como elemento de entrada [NR] | Filosofía moderna |
| 9 (RLIN) | 15835 |
| 650 04 - ASIENTO SECUNDARIO DE MATERIA - TERMINO TEMATICO [R] | |
| Término temático o nombre geográfico como elemento de entrada [NR] | Filosofía |
| 9 (RLIN) | 75 |
| 700 1# - ASIENTO SECUNDARIO - NOMBRE PERSONAL [R] | |
| Nombre personal [NR] | Misak, C. J. |
| Término de relación [R] | |
| Forma más completa del nombre [NR] | (Cheryl J.) |
| 9 (RLIN) | 137326 |
| 856 42 - LOCALIZACION Y ACCESO ELECTRONICOS [R] | |
| Nota dirigida al público [R] | Tabla de Contenido |
| Identificador Uniforme del Recurso (“URI”) [R] | <a href="http://www.loc.gov/catdir/toc/ecip0816/2008015965.html">http://www.loc.gov/catdir/toc/ecip0816/2008015965.html</a> |
| 942 ## - ELEMENTOS DE ENTRADA AGREGADOS (KOHA) | |
| Tipo de ítem principal el descrito en 300a | Libro |
| Tema principal | Filosofía |
| Edición | 1 |
| Parte restante de la signatura top. | O982 |
| Sistema de clasificación | DEWEY |
| Clasificación | 191 |
| Fecha de último préstamo | Total préstamos | Signatura topográfica | Código de barras | Última vez visto | Ejemplar | Price effective from | Tipo de ítem | Perdido | Sistema de clasificación | Dañado | No prestable | Tipo de ítem específico | Suprimido | Ubicación habitual | Ubicación actual | Localización | Fecha de creación | Forma de adquisición | Costo |
|---|---|---|---|---|---|---|---|---|---|---|---|---|---|---|---|---|---|---|---|
| 23/11/2021 | 1 | 191 O982 | 100102175 | 05/12/2025 | Ej.1 | 03/02/2013 | Libro | DEWEY | Libro | Claustro | Claustro | 2do piso | 28/02/2013 | Compra | 294210.00 |